Dixit Odyssey.

Saved in:
Bibliographic Details
Main Author: Roubira, Jean-Louis (autor)
Other Authors: Cardouat Pieró, Marie (ilustraciones)
Format: Kit Book Chapter
Language:English
Published: Poitiers, Francia: Libellud, 2021
Subjects:
Tags: Add Tag
No Tags, Be the first to tag this record!

MARC

LEADER 00000apa a2200000 4500
003 CL-VaPUC
005 20220922084822.0
008 220117b2021 ||||| |||| 00| 0 eng d
999 |c 433721  |d 433719 
040 |c Pontificia Universidad Católica de Valparaíso 
082 7 |a 794 ROU 2021  |2 22 
100 1 |a Roubira, Jean-Louis  |e autor  |9 865854 
245 |a Dixit Odyssey.  |h [juego] 
260 |a Poitiers, Francia:  |b Libellud,   |c 2021 
300 |a 1 juego.  |b Un tablero de puntuación, 84 cartas, 12 tableros de voto, 24 marcadores de voto, 12 conejos de madera. 
583 |k GC  |c 20220117 
650 0 |a Juegos de mesa  |9 395886 
650 0 |a Juegos de destreza  |9 865855 
700 |a Cardouat Pieró, Marie  |e ilustraciones   |9 865856 
942 |2 ddc  |c BK 
952 |0 0  |1 0  |2 ddc  |4 0  |6 794_000000000000000_ROU_2021  |7 0  |8 JM  |9 580603  |a BIBENE  |b BIBENE  |c GEN  |d 2022-01-17  |e 150  |g 30000.00  |i 5638992  |l 33  |o 794 ROU 2021  |p 5638992  |r 2025-04-17  |s 2025-04-17  |t 1  |v 30000.00  |w 2022-01-17  |y REC_LUD  |k ICO 
952 |0 0  |1 0  |2 ddc  |4 0  |6 794_000000000000000_ROU_2021  |7 0  |8 JM  |9 586793  |a BIBGIM  |b BIBGIM  |c REF  |d 2022-09-21  |e 169  |g 32990.00  |i 5654768  |l 48  |o 794 ROU 2021  |p 5654768  |r 2025-04-25  |s 2025-04-23  |t 2  |v 32990.00  |w 2022-09-21  |y REC_LUD  |k EST 
952 |0 0  |1 0  |2 ddc  |4 0  |6 794_000000000000000_ROU_2021  |7 0  |8 JM  |9 588429  |a BIBEDU  |b BIBEDU  |c ES_NOD  |d 2022-12-22  |e 169  |g 32990.00  |i 5656226  |l 21  |o 794 ROU 2021  |p 5656226  |r 2025-04-25  |s 2025-04-25  |t 3  |v 32990.00  |w 2022-12-22  |y REC_LUD  |k PSI